|
|
|
|
| LEADER |
01290cam a2200277 7i4500 |
| 001 |
0000025345 |
| 005 |
20150109090000.0 |
| 022 |
0 |
0 |
|a 1554-6334
|
| 090 |
0 |
0 |
|a USA 381.13025
|b FOO
|
| 245 |
0 |
0 |
|a Food & beverage market place 2011.
|
| 250 |
0 |
0 |
|a 10th ed.
|
| 260 |
0 |
0 |
|a New York:
|b Grey House Publishing,
|c 2010.
|
| 300 |
# |
# |
|a [v.p].
|
| 500 |
0 |
0 |
|a Library has volume 1 - 3
|
| 500 |
0 |
0 |
|a Volume 1 : Food & Beverage manufacturers, product categories & company profiles
|
| 500 |
0 |
0 |
|a Volume 2 : Equipment, Supplies & Services, product categories & company profiles
|
| 500 |
0 |
0 |
|a Volume 3 : Transportation firms, Warehouse companies, Wholesalers & Distributors, All Brands Index & All Company Index
|
| 650 |
0 |
0 |
|a Food industry and trade --
|x United States of America --
|x Directories
|
| 650 |
0 |
0 |
|a Food industry and trade --
|x Canada --
|x Directories
|
| 650 |
0 |
0 |
|a Beverage industry and trade --
|x United States of America --
|x Directories
|
| 650 |
0 |
0 |
|a Beverage industry and trade --
|x Canada --
|x Directories
|
| 651 |
0 |
0 |
|a United States of America
|
| 651 |
0 |
0 |
|a Canada
|
| 999 |
|
|
|a B000028114
|b Directories
|c Countries
|e Business Information Centre
|
| 999 |
|
|
|a B000028113
|b Directories
|c Countries
|e Business Information Centre
|
| 999 |
|
|
|a B000028112
|b Book
|c Countries
|e Business Information Centre
|